000 00727nam a2200253 a 4500
008
020 _a0070358206 (cased)
049 _aMAIN
090 _aQE515
100 1 _aKrauskopf, Konrad Bates.
245 1 0 _aIntroduction to geochemistry /
_cKonrad B. Krauskopf, Dennis K. Bird.
250 _a3rd ed.
260 _aNew York :
_bMcGraw-Hill,
_cc1995.
300 _axix, 647 p. :
_bill. ;
_c24 cm.
504 _aIncludes bibliographical references.
500 _aIncludes index.
650 0 _aGeochemistry.
700 1 _aBird, Dennis K.
907 _a.b10049691
_b09-02-04
_c17-04-03
003
005 20230123133502.0
040 _cNUST
942 _cBOOKS
_kQE515
999 _c149396
_d149396